Kliknij europejskie stolice na mapie - Statystyki

Ogólne statystyki
  • Ten quiz został rozwiązany 8 518 razy
  • Średni wynik to 21 z 45
Odpowiedzi na mapie
Odpowiedzi zakodowano w zielono-czerwonej skali na mapie do tego quizu, zgodnie z poniższymi procentami.
 
Statystyki odpowiedzi
Odpowiedź % Poprawnych
Amsterdam
54%
Warszawa
54%
Bruksela
53%
Mińsk
53%
Praga
53%
Luksemburg
52%
Madryt
52%
Wilno
52%
Andora
51%
Budapeszt
51%
Dublin
51%
Zagrzeb
51%
Berno
50%
Ryga
50%
Rzym
50%
Tallinn
50%
Watykan
50%
Wiedeń
50%
Londyn
49%
Lublana
49%
San Marino
49%
Tirana
49%
Valletta
49%
Berlin
48%
Lizbona
48%
Monako
48%
Belgrad
47%
Kiszyniów
47%
Sarajewo
47%
Podgorica
46%
Prisztina
46%
Skopje
46%
Paryż
45%
Ateny
44%
Bratysława
44%
Vaduz
43%
Kijów
41%
Oslo
41%
Kopenhaga
38%
Helsinki
37%
Sofia
36%
Bukareszt
34%
Sztokholm
33%
Reykjavík
32%
Moskwa
31%
Nie znaleziono quizów pasujących do podanych kryteriów
Rozkład punktacji
Procent ludzi z każdym wynikiem
Percentyl według liczby udzielonych odpowiedzi
Twoja historia wyników
Nie rozwiązałeś tego quizu